00747nam a2200217 a 4500001001000000003000500010005001700015008004100032010001100073011001100084040000900095100003200104245015100136260003700287300002700324502004600351650003400397650002700431650003200458650003900490000109817CHAP20220329144105.0140529s2014 mx ad |rm |0|||||spa d a106279 a107251 cCHAP1 aMunivez Castro Nancy Olivia10aEvaluación de una fuente de nitrógeno no proteico y melaza, adicionados en la dieta de corderos de engorda /cpor Nancy Olivia Munivez Castro. aCocula, Gro. :bEl autor,c2014. a49 h. :bil., gráfs. aTesis (Ing. Agr. Zootecnista) -- CSAEGRO.14aGanado lanarxAlimentación.14aGanado lanarxEngorda.14aGanado lanarxProducción.14aNitrógeno en nutrición animal.